Loading...
| Any History | 10 | 12.00 | 100% | 20% | 0% |
| Current Events | 2 | 10.00 | 100% | 0% | 0% |
| Fine Arts - Classical Music | 6 | 11.67 | 100% | 17% | 0% |
| Fine Arts - Other | 10 | 12.00 | 90% | 30% | 0% |
| Geography | 4 | 15.00 | 100% | 50% | 0% |
| History - American | 5 | 14.00 | 100% | 40% | 0% |
| History - European | 4 | 15.00 | 100% | 50% | 0% |
| History - World | 3 | 16.67 | 100% | 67% | 0% |
| Literature - American | 10 | 15.00 | 100% | 40% | 10% |
| Literature - British | 9 | 15.56 | 100% | 44% | 11% |
| Literature - European | 8 | 13.75 | 100% | 38% | 0% |
| Literature - World | 8 | 12.50 | 100% | 25% | 0% |
| Mythology | 5 | 18.00 | 100% | 80% | 0% |
| Other Academic | 5 | 18.00 | 100% | 80% | 0% |
| Painting & Sculpture | 7 | 10.00 | 71% | 29% | 0% |
| Philosophy | 7 | 12.86 | 100% | 29% | 0% |
| Religion | 10 | 11.00 | 100% | 0% | 10% |
| Science - Biology | 10 | 14.00 | 90% | 50% | 0% |
| Science - Chemistry | 6 | 21.67 | 100% | 83% | 33% |
| Science - Other | 9 | 20.00 | 100% | 67% | 33% |
| Science - Physics | 12 | 19.17 | 100% | 83% | 8% |
| Social Science | 10 | 13.00 | 90% | 30% | 10% |